| 000 | 01054cam a2200265 4500 | ||
|---|---|---|---|
| 008 | 090401t1997 xxu||||| |||| 00| 0 eng d | ||
| 020 | _a0860174794 | ||
| 035 | _a(Sirsi) u82164 | ||
| 041 | _aeng | ||
| 050 | _a344.410465 | ||
| 110 |
_aConstruction Industry Research and Information Association _94810 |
||
| 245 | _aExperiences of CDM. | ||
| 260 |
_aLondon _bCIRIA _c1997 |
||
| 300 | _a48p. ; 30cm. | ||
| 350 | _a35 | ||
| 490 |
_aCIRIA Report _v171 |
||
| 520 | _aThrough the use of interviews and case studies, this report examines the implementation of the CDM Regulations and the performance of individual duty holders. Assesses the need for improvement and evaluates the costs as well as the benefits that have accrued from CDM. Prepared by WS Atkins Consultants Ltd. | ||
| 650 | _aCONSTRUCTION (DESIGN AND MANAGEMENT) REGULATIONS 1994 | ||
| 650 | _aCONDAM | ||
| 650 | _aCONSTRUCTION (DESIGN AND MANAGEMENT) REGULATIONS 1994 | ||
| 650 |
_aHEALTH AND SAFETY _96244 |
||
| 690 | _aBUILT ENVIRONMENT | ||
| 942 | _n0 | ||
| 948 | _c18/11/1997 | ||
| 999 |
_c96767 _d96767 |
||